000 00947nam0a2200289 4500
001 RU\NLR\bibl\1050055
005 20260406153855.0
010 _a5-17-008659-8
_bАСТ
010 _a5-9713-2169-2
_bАСТ МОСКВА
010 _a5-9762-2213-7
_bХранитель
_97000
021 _aRU
_b2006-89174
_94520
035 _a(NLR Aleph) 001037378
090 _a796911
_c796911
100 _a20070222d2007 |||y0rusy50 ca
101 1 _arus
_ceng
102 _aRU
105 _ay |||||||||
200 1 _aПомнишь ли ты...
_e[роман]
_fДжудит Макнот
_g[пер. с англ. У. В. Сапциной]
210 _aМосква
_cАСТ [и др.]
_d2007
215 _a348,[1] с.
_d17
700 1 _4070
_7ca
_8rus
_aМакнот
_bД.
_f1944-
_gДжудит
_3RU\NLR\AUTH\776618
_9116568
801 0 _aRU
_bNLR
_c20070222
_gRCR
801 1 _aRU
_bNLR
_c20070222
942 _cBOOK
980 _aNB